<?xml version="1.0" encoding="UTF-8"?>
<record
    xmlns:xsi="http://www.w3.org/2001/XMLSchema-instance"
    xsi:schemaLocation="http://www.loc.gov/MARC21/slim http://www.loc.gov/standards/marcxml/schema/MARC21slim.xsd"
    xmlns="http://www.loc.gov/MARC21/slim">

  <leader>02106cas a2200445   4500</leader>
  <controlfield tag="001">10545037</controlfield>
  <controlfield tag="003">AUA.1</controlfield>
  <controlfield tag="005">20130528134641.0</controlfield>
  <controlfield tag="007">t|</controlfield>
  <controlfield tag="008">850720c19639999miufr p       0   a0eng c</controlfield>
  <datafield tag="010" ind1=" " ind2=" ">
    <subfield code="a">   74645601 </subfield>
    <subfield code="z">sc 76000812 </subfield>
  </datafield>
  <datafield tag="022" ind1=" " ind2=" ">
    <subfield code="a">0003-2980</subfield>
    <subfield code="2">1</subfield>
  </datafield>
  <datafield tag="035" ind1=" " ind2=" ">
    <subfield code="a">(OCoLC)ocm01780045 </subfield>
  </datafield>
  <datafield tag="037" ind1=" " ind2=" ">
    <subfield code="b">49104</subfield>
  </datafield>
  <datafield tag="040" ind1=" " ind2=" ">
    <subfield code="a">MnMULS</subfield>
    <subfield code="c">MnMULS</subfield>
    <subfield code="d">MBTI</subfield>
    <subfield code="d">NSDP</subfield>
    <subfield code="d">DLC</subfield>
    <subfield code="d">OCoLC</subfield>
    <subfield code="d">AIP</subfield>
    <subfield code="d">NSDP</subfield>
    <subfield code="d">AIP</subfield>
    <subfield code="d">OCoLC</subfield>
    <subfield code="d">DLC</subfield>
    <subfield code="d">TNJ</subfield>
    <subfield code="d">OCoLC</subfield>
  </datafield>
  <datafield tag="042" ind1=" " ind2=" ">
    <subfield code="a">nsdp</subfield>
    <subfield code="a">pcc</subfield>
  </datafield>
  <datafield tag="050" ind1="0" ind2="0">
    <subfield code="a">BR1</subfield>
    <subfield code="b">.A53a</subfield>
  </datafield>
  <datafield tag="110" ind1="2" ind2=" ">
    <subfield code="a">Andrews University.</subfield>
    <subfield code="b">Seventh-Day Adventist Theological Seminary.</subfield>
    <subfield code="9">36669</subfield>
  </datafield>
  <datafield tag="210" ind1="0" ind2=" ">
    <subfield code="a">Andrews Univ. Semin. stud.</subfield>
  </datafield>
  <datafield tag="222" ind1=" " ind2="0">
    <subfield code="a">Andrews University Seminary studies</subfield>
  </datafield>
  <datafield tag="245" ind1="1" ind2="0">
    <subfield code="a">Andrews University Seminary studies.</subfield>
  </datafield>
  <datafield tag="260" ind1=" " ind2=" ">
    <subfield code="a">Berrien Springs, Mich.,</subfield>
    <subfield code="b">Andrews University Press.</subfield>
    <subfield code="c">Splring 2008</subfield>
  </datafield>
  <datafield tag="300" ind1=" " ind2=" ">
    <subfield code="b">ill.</subfield>
    <subfield code="c">23 cm.</subfield>
    <subfield code="a">v.:</subfield>
  </datafield>
  <datafield tag="310" ind1=" " ind2=" ">
    <subfield code="a">2 issues yearly,</subfield>
    <subfield code="b">&lt;spring 1995- &gt;</subfield>
  </datafield>
  <datafield tag="321" ind1=" " ind2=" ">
    <subfield code="a">Frequency varies,</subfield>
    <subfield code="b">1963-</subfield>
  </datafield>
  <datafield tag="362" ind1="0" ind2=" ">
    <subfield code="a">Spring 2008</subfield>
  </datafield>
  <datafield tag="440" ind1=" " ind2=" ">
    <subfield code="a">Andrews University Seminary studies.</subfield>
    <subfield code="v">Vol.46, No.1</subfield>
    <subfield code="9">36670</subfield>
  </datafield>
  <datafield tag="500" ind1=" " ind2=" ">
    <subfield code="a">"Journal of the Seventh-Day Adventist Theological Seminary."</subfield>
  </datafield>
  <datafield tag="500" ind1=" " ind2=" ">
    <subfield code="a">Contents:
Novels' "Exotic" places and Luke's African Official (Acts 8: 27);
The Exodus Motif in revelation 15-16: Its the background and nature;
Madaba plains project - Tall al 'Umayri, 2006;
Fernando Canale's creation,evolution, and theology: the role of method in theological accommodation;
Defining Legalism;
Cultural and religious dynamics of the church in the philippines;
</subfield>
  </datafield>
  <datafield tag="590" ind1=" " ind2=" ">
    <subfield code="a">Annual, 1963-64; 2 no. a year, 1965-. "Journal of the Seventh-day Adventist Theological Seminary."</subfield>
  </datafield>
  <datafield tag="650" ind1=" " ind2="0">
    <subfield code="a">Theology</subfield>
    <subfield code="v">Periodicals.</subfield>
    <subfield code="9">36671</subfield>
  </datafield>
  <datafield tag="650" ind1=" " ind2="0">
    <subfield code="a">Theological seminaries</subfield>
    <subfield code="x">Periodicals.</subfield>
    <subfield code="9">36672</subfield>
  </datafield>
  <datafield tag="700" ind1=" " ind2=" ">
    <subfield code="a">Jerry Moon and John W. Reeve</subfield>
    <subfield code="e">Editors</subfield>
    <subfield code="9">36673</subfield>
  </datafield>
  <datafield tag="906" ind1=" " ind2=" ">
    <subfield code="a">7</subfield>
    <subfield code="b">cbc</subfield>
    <subfield code="c">serials</subfield>
    <subfield code="d">u</subfield>
    <subfield code="e">ncip</subfield>
    <subfield code="f">19</subfield>
    <subfield code="g">n-oclcserc</subfield>
  </datafield>
  <datafield tag="936" ind1=" " ind2=" ">
    <subfield code="a">Spring 1995 (surrogate) LIC</subfield>
  </datafield>
  <datafield tag="942" ind1=" " ind2=" ">
    <subfield code="2">lcc</subfield>
    <subfield code="c">PER</subfield>
    <subfield code="h">BR1</subfield>
    <subfield code="i">.A53a 2008</subfield>
  </datafield>
  <datafield tag="999" ind1=" " ind2=" ">
    <subfield code="c">10239</subfield>
    <subfield code="d">10239</subfield>
  </datafield>
  <datafield tag="952" ind1=" " ind2=" ">
    <subfield code="0">0</subfield>
    <subfield code="1">0</subfield>
    <subfield code="2">lcc</subfield>
    <subfield code="4">0</subfield>
    <subfield code="7">0</subfield>
    <subfield code="a">AUA.1</subfield>
    <subfield code="b">AUA.1</subfield>
    <subfield code="c">PER</subfield>
    <subfield code="d">2013-05-28</subfield>
    <subfield code="l">0</subfield>
    <subfield code="o">BR1 .A53a 2008</subfield>
    <subfield code="r">2013-05-28 00:00:00</subfield>
    <subfield code="w">2013-05-28</subfield>
    <subfield code="y">PER</subfield>
  </datafield>
</record>
